[Event "Bayern-chTT (RL Sued-Ost)"]
[Site "Bayern 2008/09"]
[Date "2009.03.15"]
[Round "8.4"]
[White "Hartl, Aldo"]
[Black "Tuchenhagen, Axel"]
[Result "1/2-1/2"]
[WhiteElo "2084"]
[BlackElo "2083"]
[PlyCount "28"]
[EventDate "2009.03.??"]
[EventType "team-tourn"]
[EventRounds "9"]
[WhiteTeam "Trostberg 1"]
[BlackTeam "Starnberg 1"]

1. e4 e5 2. Nf3 Nc6 3. d4 exd4 4. Nxd4 Qh4 5. Nc3 Bb4 6. Ndb5 Qxe4+ 7. Be2
Bxc3+ 8. bxc3 Kd8 9. O-O Nge7 10. Re1 Qd5 11. Bf4 d6 12. Bd3 Be6 13. c4 Qc5 14.
Rb1 Kc8 1/2-1/2

[Event "Bayern-chTT (RL Sued-Ost)"]
[Site "Bayern 2008/09"]
[Date "2009.03.15"]
[Round "8.5"]
[White "Pappenheim, Rainer Dr"]
[Black "Moser, Wolfgang(48)"]
[Result "1/2-1/2"]
[WhiteElo "1924"]
[BlackElo "2063"]
[PlyCount "61"]
[EventDate "2009.03.??"]
[EventType "team-tourn"]
[EventRounds "9"]
[WhiteTeam "Starnberg 1"]
[BlackTeam "Trostberg 1"]

1. e4 c5 2. Nf3 e6 3. Nc3 d5 4. exd5 exd5 5. d4 c4 6. Be2 Nf6 7. O-O Be7 8. b3
cxb3 9. axb3 O-O 10. Nb5 Nc6 11. Bf4 Bf5 12. Ne5 Qb6 13. Nd7 Nxd7 14. Bc7 Bxc2
15. Qd2 Bb4 16. Qg5 Nxd4 17. Bxb6 Nxe2+ 18. Kh1 Nxb6 19. Qg4 d4 20. Qxe2 d3 21.
Qe4 a5 22. Nd4 Rac8 23. Nxc2 dxc2 24. Rac1 Rfe8 25. Qxb7 Ba3 26. Rxc2 Rxc2 27.
Qxb6 Bb4 28. h3 g6 29. Rd1 Rc3 30. Rd8 Rxd8 31. Qxd8+ 1/2-1/2

[Event "Bayern-chTT (RL Sued-Ost)"]
[Site "Bayern 2008/09"]
[Date "2009.03.15"]
[Round "8.6"]
[White "Endthaler, Arnold"]
[Black "Von Schmaedel, Clemens"]
[Result "1/2-1/2"]
[WhiteElo "2054"]
[BlackElo "1905"]
[PlyCount "40"]
[EventDate "2009.03.??"]
[EventType "team-tourn"]
[EventRounds "9"]
[WhiteTeam "Trostberg 1"]
[BlackTeam "Starnberg 1"]

1. e4 e5 2. Nf3 Nc6 3. Bb5 a6 4. Ba4 Nf6 5. O-O Be7 6. Re1 b5 7. Bb3 O-O 8. h3
d6 9. c3 Na5 10. Bc2 c5 11. d4 Qc7 12. Nbd2 Bd7 13. Nf1 Nc4 14. d5 a5 15. Ng3
a4 16. Nh4 a3 17. b3 Nb2 18. Qf3 c4 19. b4 Rfe8 20. Nhf5 Bxf5 1/2-1/2

[Event "Bayern-chTT (RL Sued-Ost)"]
[Site "Bayern 2008/09"]
[Date "2009.03.15"]
[Round "8.7"]
[White "Strecker, Gerhard Dr(48)"]
[Black "Penn, Peter"]
[Result "1/2-1/2"]
[WhiteElo "1805"]
[BlackElo "1882"]
[PlyCount "57"]
[EventDate "2009.03.??"]
[EventType "team-tourn"]
[EventRounds "9"]
[WhiteTeam "Starnberg 1"]
[BlackTeam "Trostberg 1"]

1. e4 e6 2. d4 d5 3. Nd2 Nf6 4. e5 Nfd7 5. Bd3 c5 6. c3 Nc6 7. Ne2 cxd4 8. cxd4
Qb6 9. Nf3 f6 10. exf6 Nxf6 11. O-O Bd6 12. Bf4 Bxf4 13. Nxf4 Qxb2 14. Re1 O-O
15. Re3 Ng4 16. Re2 Qa3 17. Nxe6 Bxe6 18. Rxe6 Nf6 19. Rb1 Qxa2 20. Rxb7 Nd8
21. Ra6 Qxa6 22. Bxa6 Nxb7 23. Bxb7 Rab8 24. Ba6 Ne4 25. Bd3 Rb2 26. Bxe4 dxe4
27. Nd2 Rfb8 28. Nf1 a5 29. d5 1/2-1/2

[Event "Bayern-chTT (RL Sued-Ost)"]
[Site "Bayern 2008/09"]
[Date "2009.03.15"]
[Round "8.1"]
[White "Zenker, Ulrich"]
[Black "Nurbekoglu, Michael"]
[Result "1/2-1/2"]
[WhiteElo "2163"]
[BlackElo "2036"]
[PlyCount "150"]
[EventDate "2009.03.??"]
[EventType "team-tourn"]
[EventRounds "9"]
[WhiteTeam "Ebersberg 1"]
[BlackTeam "Landshut 1"]

1. e4 e6 2. d4 d5 3. e5 c5 4. c3 Nc6 5. Nf3 Qb6 6. Be2 cxd4 7. cxd4 Nh6 8. Nc3
Nf5 9. Na4 Bb4+ 10. Bd2 Qa5 11. Nc3 Nfxd4 12. Nxd4 Nxd4 13. Bd3 Nc6 14. a3 Bxc3
15. Bxc3 Qb6 16. Qe2 Bd7 17. O-O O-O 18. Rfe1 Ne7 19. Bb4 Rfe8 20. Rac1 Ng6 21.
Bc5 Qd8 22. Qe3 Qh4 23. g3 Qg4 24. f3 Qh5 25. Kg2 Bc6 26. Bd4 a5 27. h4 f5 28.
Qg5 Qxg5 29. hxg5 a4 30. Rh1 Rec8 31. Rh2 Be8 32. Rch1 Nf8 33. Bc3 Bg6 34. f4
Nd7 35. Kf3 Nc5 36. Bb5 Kf7 37. Bb4 Nb3 38. Ke3 Na5 39. Rd1 Nc4+ 40. Kd4 Na5
41. Bxa4 Rc4+ 42. Kd3 Nc6 43. Bxc6 Rxc6 44. Rdd2 Rac8 45. Rc2 Rxc2 46. Rxc2
Rxc2 47. Kxc2 Ke8 48. Kc3 Bh5 49. Kd4 b6 50. Bd6 Kd7 51. g6 hxg6 52. Bf8 Kc6
53. Bxg7 Bd1 54. Bf6 Bb3 55. Be7 Kb5 56. Bb4 Bd1 57. Bd2 Bb3 58. Be3 Bd1 59.
Kc3 Kc6 60. Kb4 Be2 61. a4 Bd1 62. Bd4 Bc2 63. Ka3 Bd1 64. b4 Bc2 65. b5+ Kc7
66. Kb4 Bd3 67. a5 bxa5+ 68. Kxa5 Be2 69. Kb4 Bd3 70. Kc5 Kd7 71. Kb6 Be2 72.
Kc5 Bd3 73. b6 Ba6 74. Be3 Bb7 75. Kb5 Ke8 1/2-1/2

[Event "Bayern-chTT (RL Sued-Ost)"]
[Site "Bayern 2008/09"]
[Date "2009.03.15"]
[Round "8.2"]
[White "Schmaus, Horst(56)"]
[Black "Schweiger, Georg"]
[Result "1/2-1/2"]
[WhiteElo "2033"]
[BlackElo "2059"]
[PlyCount "26"]
[EventDate "2009.03.??"]
[EventType "team-tourn"]
[EventRounds "9"]
[WhiteTeam "Landshut 1"]
[BlackTeam "Ebersberg 1"]

1. e4 e6 2. d4 d5 3. e5 c5 4. c3 Nc6 5. Nf3 Qb6 6. a3 Nh6 7. b4 cxd4 8. cxd4
Nf5 9. Bb2 Be7 10. h4 Bd7 11. Be2 Rc8 12. g4 Nh6 13. Rg1 Qd8 1/2-1/2

[Event "Bayern-chTT (RL Sued-Ost)"]
[Site "Bayern 2008/09"]
[Date "2009.03.15"]
[Round "8.3"]
[White "Krause, Christian(42)"]
[Black "Schmidt, Wolfgang(12.62)"]
[Result "0-1"]
[WhiteElo "1965"]
[BlackElo "2276"]
[PlyCount "76"]
[EventDate "2009.03.??"]
[EventType "team-tourn"]
[EventRounds "9"]
[WhiteTeam "Ebersberg 1"]
[BlackTeam "Landshut 1"]

1. c4 f5 2. Nf3 Nf6 3. b3 d6 4. Bb2 e5 5. g3 Be7 6. Bg2 O-O 7. O-O Qe8 8. e3
Na6 9. d4 e4 10. Ne1 d5 11. Ba3 Bxa3 12. Nxa3 Be6 13. cxd5 Nxd5 14. Nc4 Rd8 15.
a3 c5 16. Nc2 Qb5 17. Qd2 Qxb3 18. Na5 Qd3 19. Rfd1 b6 20. Nc6 Rd6 21. Ne5 Qxd2
22. Rxd2 Nc3 23. Bf1 Nc7 24. a4 Re8 25. Na3 cxd4 26. Rxd4 Rxd4 27. exd4 N7d5
28. Nb5 a5 29. Nd6 Rd8 30. Nb7 Rc8 31. Nd6 Rc7 32. Nb5 Nxb5 33. Bxb5 Nc3 34.
Kf1 Nxb5 35. axb5 Kf8 36. Ke1 Rc2 37. Rb1 Ke7 38. h4 Kd6 0-1

[Event "Bayern-chTT (RL Sued-Ost)"]
[Site "Bayern 2008/09"]
[Date "2009.03.15"]
[Round "8.4"]
[White "Wist, Alexander"]
[Black "Gil, Arthur"]
[Result "0-1"]
[WhiteElo "2088"]
[BlackElo "1984"]
[PlyCount "80"]
[EventDate "2009.03.??"]
[EventType "team-tourn"]
[EventRounds "9"]
[WhiteTeam "Landshut 1"]
[BlackTeam "Ebersberg 1"]

1. e4 e5 2. Nf3 Nc6 3. Bb5 Nf6 4. O-O Nxe4 5. Re1 Nd6 6. Nxe5 Be7 7. Bd3 Nxe5
8. Be2 O-O 9. d4 Ng6 10. Bd3 Bg5 11. c4 Bxc1 12. Qxc1 Re8 13. c5 Rxe1+ 14. Qxe1
Ne8 15. Nc3 Nf6 16. h3 d5 17. cxd6 Qxd6 18. Nb5 Qd8 19. Qa5 Bd7 20. Qxc7 Bxb5
21. Qxd8+ Rxd8 22. Bxb5 Rxd4 23. Rc1 Rb4 24. Rc8+ Nf8 25. Bc4 Rxb2 26. Rc7 N6d7
27. Bb3 b6 28. Rxa7 g6 29. g4 Rd2 30. Kg2 Ne6 31. h4 Nec5 32. h5 Nxb3 33. axb3
gxh5 34. gxh5 Kg7 35. Kg3 Nf6 36. h6+ Kg6 37. b4 Rb2 38. f4 Rxb4 39. f5+ Kxh6
40. Rxf7 Kg5 0-1

[Event "Bayern-chTT (RL Sued-Ost)"]
[Site "Bayern 2008/09"]
[Date "2009.03.15"]
[Round "8.5"]
[White "Bauer, Frank(75)"]
[Black "Neubauer, Andreas(78)"]
[Result "0-1"]
[WhiteElo "1935"]
[BlackElo "2056"]
[PlyCount "44"]
[EventDate "2009.03.??"]
[EventType "team-tourn"]
[EventRounds "9"]
[WhiteTeam "Ebersberg 1"]
[BlackTeam "Landshut 1"]

1. c4 Nf6 2. g3 c6 3. Bg2 d5 4. Nf3 e6 5. O-O Be7 6. b3 O-O 7. Bb2 Nbd7 8. d4
Ne4 9. Nfd2 f5 10. f3 Nef6 11. e4 dxe4 12. fxe4 Ng4 13. Qe2 Bg5 14. exf5 exf5
15. Re1 Ndf6 16. Na3 Re8 17. Qd3 Be3+ 18. Rxe3 Rxe3 19. Qf1 Re8 20. Nc2 Qa5 21.
Qd3 f4 22. gxf4 Bf5 0-1

[Event "Bayern-chTT (RL Sued-Ost)"]
[Site "Bayern 2008/09"]
[Date "2009.03.15"]
[Round "8.6"]
[White "Schubert, Josef(59)"]
[Black "Hartmann, Karl-Heinz(49)"]
[Result "1-0"]
[WhiteElo "1932"]
[BlackElo "1792"]
[PlyCount "61"]
[EventDate "2009.03.??"]
[EventType "team-tourn"]
[EventRounds "9"]
[WhiteTeam "Landshut 1"]
[BlackTeam "Ebersberg 1"]

1. e4 e6 2. d3 c5 3. g3 Nc6 4. Bg2 g6 5. Nc3 Bg7 6. f4 d6 7. Nf3 Nge7 8. O-O
O-O 9. Be3 a6 10. Rb1 b5 11. a3 Bb7 12. d4 cxd4 13. Nxd4 Nxd4 14. Bxd4 Nc6 15.
Bxg7 Qb6+ 16. Kh1 Kxg7 17. Rf3 Ne7 18. Rd3 Rfd8 19. Qd2 Rd7 20. Rd1 Rad8 21. h3
f5 22. Kh2 fxe4 23. Bxe4 d5 24. Bg2 Nf5 25. Ne4 Nd6 26. Qc3+ d4 27. Rxd4 Rc7
28. Rc4+ Kh6 29. Rxc7 Nf5 30. Rxd8 Bxe4 31. Rxh7+ 1-0

[Event "Bayern-chTT (RL Sued-Ost)"]
[Site "Bayern 2008/09"]
[Date "2009.03.15"]
[Round "8.7"]
[White "Behrndt, Helmut"]
[Black "Siebert, Joachim"]
[Result "1/2-1/2"]
[WhiteElo "1736"]
[BlackElo "1899"]
[PlyCount "42"]
[EventDate "2009.03.??"]
[EventType "team-tourn"]
[EventRounds "9"]
[WhiteTeam "Ebersberg 1"]
[BlackTeam "Landshut 1"]

1. e4 e6 2. d4 d5 3. Be3 dxe4 4. Nd2 Nf6 5. c3 Be7 6. Qc2 O-O 7. Nxe4 Nbd7 8.
O-O-O c5 9. Nxf6+ Bxf6 10. dxc5 Qc7 11. Bd3 g6 12. h4 Nxc5 13. Bg5 Bxg5+ 14.
hxg5 Qf4+ 15. Kb1 Nxd3 16. Nh3 Qc4 17. Qxd3 Qxd3+ 18. Rxd3 e5 19. Rd6 Bf5+ 20.
Kc1 Rfe8 21. f3 Bxh3 1/2-1/2

[Event "Bayern-chTT (RL Sued-Ost)"]
[Site "Bayern 2008/09"]
[Date "2009.03.15"]
[Round "8.8"]
[White "Kunz, Heinz(65)"]
[Black "Kirsch, Sebastian"]
[Result "1/2-1/2"]
[WhiteElo "1856"]
[BlackElo "1849"]
[PlyCount "35"]
[EventDate "2009.03.??"]
[EventType "team-tourn"]
[EventRounds "9"]
[WhiteTeam "Landshut 1"]
[BlackTeam "Ebersberg 1"]

1. d4 d5 2. c4 e6 3. Nc3 Nf6 4. cxd5 exd5 5. Bg5 c6 6. e3 Qb6 7. Qc2 Nbd7 8.
Bd3 Bd6 9. Nge2 h6 10. Bf4 Bxf4 11. Nxf4 O-O 12. O-O Re8 13. Rab1 Nf8 14. b4 a6
15. a4 g5 16. Nfe2 Qc7 17. Bf5 Ne6 18. b5 1/2-1/2

[Event "Bayern-chTT (RL Sued-Ost)"]
[Site "Bayern 2008/09"]
[Date "2009.03.29"]
[Round "9.2"]
[White "Kislinger, Georg"]
[Black "Eizenhammer, Peter"]
[Result "1/2-1/2"]
[WhiteElo "2095"]
[BlackElo "2103"]
[PlyCount "20"]
[EventDate "2009.03.??"]
[EventType "team-tourn"]
[EventRounds "9"]
[WhiteTeam "Ebersberg 1"]
[BlackTeam "Passau 2"]

1. Nf3 d6 2. g3 g6 3. Bg2 Bg7 4. O-O Nf6 5. d4 O-O 6. b3 Nbd7 7. Bb2 c6 8. c4
Qc7 9. Nc3 Re8 10. Qd2 e5 1/2-1/2

[Event "Bayern-chTT (RL Sued-Ost)"]
[Site "Bayern 2008/09"]
[Date "2009.03.29"]
[Round "9.1"]
[White "Nurbekoglu, Michael"]
[Black "Schaefer, Matthias(79)"]
[Result "0-1"]
[WhiteElo "2036"]
[BlackElo "2274"]
[PlyCount "56"]
[EventDate "2009.03.??"]
[EventType "team-tourn"]
[EventRounds "9"]
[WhiteTeam "Landshut 1"]
[BlackTeam "Starnberg 1"]

1. d4 d5 2. Nf3 Nc6 3. c4 Bg4 4. cxd5 Bxf3 5. gxf3 Qxd5 6. e3 e5 7. Nc3 Bb4 8.
Bd2 Bxc3 9. bxc3 Qd6 10. Rb1 b6 11. f4 exf4 12. e4 Nge7 13. Qf3 Qa3 14. Be2 O-O
15. Bxf4 Ng6 16. Bd2 Qxa2 17. Rd1 Rad8 18. h4 f5 19. exf5 Nge7 20. Bd3 Qf7 21.
Be4 Rde8 22. Be3 Na5 23. Rg1 Kh8 24. Rg5 Nc4 25. Rd3 Nd6 26. Rg4 Nxe4 27. Rxe4
Nxf5 28. Rf4 Nxh4 0-1

[Event "Bayern-chTT (RL Sued-Ost)"]
[Site "Bayern 2008/09"]
[Date "2009.03.29"]
[Round "9.2"]
[White "Terzic, Safet"]
[Black "Schmaus, Horst(56)"]
[Result "1-0"]
[WhiteElo "2199"]
[BlackElo "2033"]
[PlyCount "55"]
[EventDate "2009.03.??"]
[EventType "team-tourn"]
[EventRounds "9"]
[WhiteTeam "Starnberg 1"]
[BlackTeam "Landshut 1"]

1. e4 c5 2. Nf3 e6 3. d4 cxd4 4. Nxd4 Nf6 5. Nc3 d6 6. g4 Be7 7. g5 Nfd7 8. h4
a6 9. Be3 b5 10. a3 Bb7 11. Bg2 Nc6 12. f4 Qb8 13. Qd2 O-O 14. O-O Re8 15. f5
Nxd4 16. Bxd4 e5 17. Be3 Bf8 18. f6 g6 19. h5 Bc6 20. hxg6 hxg6 21. Qf2 b4 22.
Nd1 Bb5 23. Re1 Bc4 24. Qh4 Qd8 25. Kf2 Nxf6 26. gxf6 Bg7 27. Bg5 Qb6+ 28. Ne3
1-0

[Event "Bayern-chTT (RL Sued-Ost)"]
[Site "Bayern 2008/09"]
[Date "2009.03.29"]
[Round "9.4"]
[White "Litzka, Matthias Dr"]
[Black "Wist, Alexander"]
[Result "1/2-1/2"]
[WhiteElo "2079"]
[BlackElo "2088"]
[PlyCount "80"]
[EventDate "2009.03.??"]
[EventType "team-tourn"]
[EventRounds "9"]
[WhiteTeam "Starnberg 1"]
[BlackTeam "Landshut 1"]

1. e4 c5 2. Nf3 d6 3. d4 cxd4 4. Qxd4 Nc6 5. Bb5 Bd7 6. Bxc6 bxc6 7. c4 Qb6 8.
Qd3 g6 9. O-O Bg7 10. Nc3 Nf6 11. Rb1 a5 12. Be3 Qa6 13. Rfd1 O-O 14. b3 Bg4
15. Bd4 Rab8 16. h3 Bd7 17. Rbc1 Rfd8 18. Qc2 h6 19. Be3 Be6 20. Nd4 Qc8 21.
Kh2 g5 22. Qd2 Nh5 23. Nde2 c5 24. Nb5 Ra8 25. a4 Rf8 26. f4 f5 27. Rf1 Nf6 28.
Ng3 Nxe4 29. Nxe4 fxe4 30. fxg5 Be5+ 31. Kg1 Bxh3 32. Rxf8+ Kxf8 33. Rf1+ Kg7
34. gxh3 Qxh3 35. Rf2 Rg8 36. Rg2 Kh7 37. Bf4 Ba1 38. Qe1 Qf5 39. Qxa1 Qxf4 40.
gxh6 Rxg2+ 1/2-1/2

[Event "Bayern-chTT (RL Sued-Ost)"]
[Site "Bayern 2008/09"]
[Date "2009.03.29"]
[Round "9.5"]
[White "Neubauer, Andreas(78)"]
[Black "Tuchenhagen, Axel"]
[Result "1-0"]
[WhiteElo "2056"]
[BlackElo "2083"]
[PlyCount "57"]
[EventDate "2009.03.??"]
[EventType "team-tourn"]
[EventRounds "9"]
[WhiteTeam "Landshut 1"]
[BlackTeam "Starnberg 1"]

1. Nf3 d6 2. d4 Nf6 3. g3 Bd7 4. Bg2 Qc8 5. h4 h6 6. c4 Na6 7. Nc3 c5 8. d5 Nc7
9. Bf4 b5 10. Nd2 Qa6 11. b3 O-O-O 12. cxb5 Bxb5 13. a4 Bd7 14. Nc4 Nfe8 15. e4
g6 16. Bf1 Qb7 17. Rb1 Bg7 18. Bd2 f5 19. b4 cxb4 20. Na2 fxe4 21. Nxb4 Rf8 22.
Nc6 Bxc6 23. Rxb7 Bxb7 24. Bh3+ Kb8 25. O-O Bxd5 26. Na5 e6 27. Qc2 Rd7 28.
Rb1+ Ka8 29. Bxe6 1-0

[Event "Bayern-chTT (RL Sued-Ost)"]
[Site "Bayern 2008/09"]
[Date "2009.03.29"]
[Round "9.6"]
[White "Gschwendtner, Klaus"]
[Black "Schubert, Josef(59)"]
[Result "1-0"]
[WhiteElo "2070"]
[BlackElo "1932"]
[PlyCount "39"]
[EventDate "2009.03.??"]
[EventType "team-tourn"]
[EventRounds "9"]
[WhiteTeam "Starnberg 1"]
[BlackTeam "Landshut 1"]

1. e4 e5 2. Nf3 Nc6 3. Nc3 d6 4. d4 exd4 5. Nxd4 Nf6 6. Bf4 Ne5 7. Bg5 Be7 8.
f4 Ng6 9. Qf3 O-O 10. Nf5 h6 11. h4 Re8 12. O-O-O hxg5 13. hxg5 Nh7 14. Rxh7
Kxh7 15. Qh5+ Kg8 16. Bc4 Bxg5 17. fxg5 Bxf5 18. exf5 Ne5 19. Rh1 Kf8 20. Nd5
1-0

[Event "Bayern-chTT (RL Sued-Ost)"]
[Site "Bayern 2008/09"]
[Date "2009.03.29"]
[Round "9.7"]
[White "Siebert, Joachim"]
[Black "Fliessbach, Torsten"]
[Result "1/2-1/2"]
[WhiteElo "1899"]
[BlackElo "2033"]
[PlyCount "52"]
[EventDate "2009.03.??"]
[EventType "team-tourn"]
[EventRounds "9"]
[WhiteTeam "Landshut 1"]
[BlackTeam "Starnberg 1"]

1. d4 d5 2. Nf3 Nf6 3. c4 c6 4. e3 e6 5. Nc3 Nbd7 6. Qc2 Bd6 7. g4 Nxg4 8. Rg1
f5 9. h3 Ngf6 10. Rxg7 Kf8 11. Rg1 Ne4 12. Bd2 Rg8 13. Rxg8+ Kxg8 14. Bd3 Nf8
15. O-O-O Nxf2 16. Rg1+ Kh8 17. Bf1 Ne4 18. Be1 Ng6 19. Nxe4 fxe4 20. Ng5 Qf6
21. Qe2 Bd7 22. Qh5 Qg7 23. Nxh7 Qxh7 24. Qxg6 Qxg6 25. Rxg6 Rg8 26. Rxg8+ Kxg8
1/2-1/2

[Event "Bayern-chTT (RL Sued-Ost)"]
[Site "Bayern 2008/09"]
[Date "2009.03.29"]
[Round "9.8"]
[White "Von Schmaedel, Clemens"]
[Black "Kunz, Heinz(65)"]
[Result "1/2-1/2"]
[WhiteElo "1905"]
[BlackElo "1856"]
[PlyCount "51"]
[EventDate "2009.03.??"]
[EventType "team-tourn"]
[EventRounds "9"]
[WhiteTeam "Starnberg 1"]
[BlackTeam "Landshut 1"]

1. d4 Nf6 2. c4 g6 3. Nc3 Bg7 4. e4 d6 5. Nf3 O-O 6. Be2 e5 7. Be3 c6 8. h3
exd4 9. Nxd4 Re8 10. Bf3 Nbd7 11. O-O Nc5 12. Qc2 a5 13. Rad1 Qe7 14. Rfe1 Be6
15. Nxe6 Nxe6 16. Qd2 Bf8 17. b3 Qc7 18. Na4 Nd7 19. Bh6 Bxh6 20. Qxh6 Nec5 21.
Nxc5 Nxc5 22. Qf4 Rad8 23. Re2 Ne6 24. Qg3 c5 25. Re3 Nd4 26. Be2 1/2-1/2

[Event "Bayern-chTT (RL Sued-Ost)"]
[Site "Bayern 2008/09"]
[Date "2009.03.29"]
[Round "9.1"]
[White "Anka, Emil"]
[Black "Berchtenbreiter, Maximilian"]
[Result "1-0"]
[WhiteElo "2365"]
[BlackElo "2164"]
[PlyCount "73"]
[EventDate "2009.03.??"]
[EventType "team-tourn"]
[EventRounds "9"]
[WhiteTeam "Trostberg 1"]
[BlackTeam "Pang/Ro.2"]

1. d4 Nf6 2. c4 e6 3. Nc3 c5 4. d5 exd5 5. cxd5 d6 6. e4 g6 7. Nf3 a6 8. a4 Bg4
9. Be2 Bxf3 10. Bxf3 Nbd7 11. O-O Bg7 12. a5 O-O 13. Qc2 Re8 14. Bd2 Qe7 15.
Rfe1 h6 16. Be2 g5 17. f3 Rac8 18. Kh1 Ne5 19. Nd1 Nh5 20. Ne3 Bf8 21. Bc3 Qd7
22. Nf5 Kh7 23. g3 Ng7 24. Ne3 h5 25. f4 gxf4 26. gxf4 Ng6 27. f5 Nf4 28. f6
Qh3 29. fxg7 Bxg7 30. Bf1 Qf3+ 31. Bg2 Nxg2 32. Nxg2 Be5 33. Rf1 Qh3 34. Bxe5
Rxe5 35. Rxf7+ Kg8 36. Raf1 Ree8 37. Qf2 1-0

[Event "Bayern-chTT (RL Sued-Ost)"]
[Site "Bayern 2008/09"]
[Date "2009.03.29"]
[Round "9.2"]
[White "Heigermoser, Robert"]
[Black "Huch, Reiner"]
[Result "1/2-1/2"]
[WhiteElo "2014"]
[BlackElo "2253"]
[PlyCount "70"]
[EventDate "2009.03.??"]
[EventType "team-tourn"]
[EventRounds "9"]
[WhiteTeam "Pang/Ro.2"]
[BlackTeam "Trostberg 1"]

1. e4 e6 2. d4 d5 3. Nc3 Nf6 4. e5 Nfd7 5. f4 c5 6. Nf3 Nc6 7. Be3 a6 8. Qd2
Be7 9. Qf2 O-O 10. O-O-O Qa5 11. dxc5 Nxc5 12. Kb1 Nd7 13. Nd4 Nxd4 14. Bxd4 f6
15. Qh4 Rf7 16. Bd3 f5 17. Qh3 Bc5 18. Ne2 Qb6 19. c3 Nf8 20. g4 fxg4 21. Qxg4
Bd7 22. Ng3 Bxd4 23. cxd4 Ba4 24. Bc2 Bxc2+ 25. Kxc2 Ng6 26. f5 exf5 27. Nxf5
Nxe5 28. dxe5 Qf2+ 29. Rd2 Rc8+ 30. Kb1 Qxf5+ 31. Qxf5 Rxf5 32. Rxd5 Re8 33.
Re1 Re7 34. Re2 g6 35. Kc2 Kf7 1/2-1/2

[Event "Bayern-chTT (RL Sued-Ost)"]
[Site "Bayern 2008/09"]
[Date "2009.03.29"]
[Round "9.3"]
[White "Besner, Bernhard"]
[Black "Wittmann, Matthias(81)"]
[Result "0-1"]
[WhiteElo "2155"]
[BlackElo "2118"]
[PlyCount "88"]
[EventDate "2009.03.??"]
[EventType "team-tourn"]
[EventRounds "9"]
[WhiteTeam "Trostberg 1"]
[BlackTeam "Pang/Ro.2"]

1. e4 c5 2. c3 e5 3. Nf3 Nc6 4. Bc4 Qc7 5. O-O Be7 6. Re1 Nf6 7. a3 O-O 8. d3
d6 9. Bg5 Na5 10. Ba2 Be6 11. b4 Bxa2 12. Rxa2 Nc6 13. Nbd2 Nd8 14. d4 Ne6 15.
d5 Nxg5 16. Nxg5 Nxd5 17. Nxh7 Nxc3 18. Qh5 Nxa2 19. Nf3 f6 20. Nh4 cxb4 21.
Nf5 d5 22. Qg6 Bd6 23. h4 d4 24. Rd1 Nc3 25. Re1 b3 26. h5 Rad8 27. h6 Rd7 28.
g4 b2 29. g5 b1=Q 30. Rxb1 Ne2+ 31. Kh2 Nf4 32. Ne7+ Rxe7 33. Qf5 g6 34. Nxf6+
Kh8 35. Qg4 Qc8 36. Qg3 Qh3+ 37. Qxh3 Nxh3 38. Kxh3 Bxa3 39. Nd5 Ref7 40. Nf6
Bc5 41. Kg4 Be7 42. Nd5 Bd8 43. Rb2 b6 44. Kg3 Bxg5 0-1

[Event "Bayern-chTT (RL Sued-Ost)"]
[Site "Bayern 2008/09"]
[Date "2009.03.29"]
[Round "9.4"]
[White "Steinbacher, Thomas"]
[Black "Kern, Johannes Dr(61)"]
[Result "0-1"]
[WhiteElo "2044"]
[BlackElo "2135"]
[PlyCount "104"]
[EventDate "2009.03.??"]
[EventType "team-tourn"]
[EventRounds "9"]
[WhiteTeam "Pang/Ro.2"]
[BlackTeam "Trostberg 1"]

1. d4 e6 2. Nf3 f5 3. c4 Nf6 4. Nc3 Bb4 5. a3 Bxc3+ 6. bxc3 b6 7. e3 O-O 8. Bd3
d6 9. O-O Qe8 10. Nd2 e5 11. a4 e4 12. Be2 c5 13. a5 Bb7 14. Qb3 Nbd7 15. Nb1
Kh8 16. Na3 a6 17. axb6 Rb8 18. Nc2 Bc8 19. Ba3 Rxb6 20. Qa4 Qd8 21. Rad1 Qc7
22. Na1 Bb7 23. Qc2 Bc6 24. Rb1 Rfb8 25. f3 Ba4 26. Qa2 Qb7 27. Rxb6 Qxb6 28.
Bc1 Bc6 29. d5 Bb7 30. g4 exf3 31. Bxf3 fxg4 32. Bd1 Ne5 33. Rf4 Rf8 34. Nb3
Qd8 35. Qb1 Bc8 36. Be2 Nh5 37. Rxf8+ Qxf8 38. Bd2 Nf3+ 39. Kh1 Bf5 40. e4 Bg6
41. Qf1 Bxe4 42. Bxf3 Bxf3+ 43. Kg1 Nf4 44. Bxf4 Qxf4 45. Qe1 h6 46. Nd2 a5 47.
Nf1 Qxc4 48. Ng3 Qxd5 49. Qe7 Qe5 50. Qd8+ Kh7 51. Qxa5 Qe1+ 52. Nf1 Be2 0-1

[Event "Bayern-chTT (RL Sued-Ost)"]
[Site "Bayern 2008/09"]
[Date "2009.03.29"]
[Round "9.5"]
[White "Hartl, Aldo"]
[Black "Rosner, Gerhard"]
[Result "1-0"]
[WhiteElo "2084"]
[BlackElo "2043"]
[PlyCount "61"]
[EventDate "2009.03.??"]
[EventType "team-tourn"]
[EventRounds "9"]
[WhiteTeam "Trostberg 1"]
[BlackTeam "Pang/Ro.2"]

1. Nf3 c5 2. c4 Nf6 3. Nc3 g6 4. g3 Bg7 5. Bg2 O-O 6. O-O Nc6 7. d3 Rb8 8. Be3
b6 9. h3 Bb7 10. Qd2 d6 11. Bh6 Qd7 12. Rad1 Rfd8 13. Bxg7 Kxg7 14. e4 e5 15.
Kh2 Nd4 16. Nh4 Ng8 17. f4 f6 18. g4 Qe7 19. Nf3 Bc6 20. Rf2 Rf8 21. Rdf1 Rbc8
22. f5 Nxf3+ 23. Bxf3 g5 24. Kg3 Qb7 25. Rh2 h6 26. Rfh1 Ne7 27. h4 Rh8 28. Rh3
Qa8 29. Qh2 Rcf8 30. hxg5 hxg5 31. Rh7+ 1-0

[Event "Bayern-chTT (RL Sued-Ost)"]
[Site "Bayern 2008/09"]
[Date "2009.03.29"]
[Round "9.6"]
[White "Kranewitter, Norbert"]
[Black "Moser, Wolfgang(48)"]
[Result "0-1"]
[WhiteElo "1984"]
[BlackElo "2063"]
[PlyCount "54"]
[EventDate "2009.03.??"]
[EventType "team-tourn"]
[EventRounds "9"]
[WhiteTeam "Pang/Ro.2"]
[BlackTeam "Trostberg 1"]

1. Nf3 Nf6 2. c4 g6 3. d4 c5 4. Nc3 Bg7 5. e4 cxd4 6. Nxd4 d6 7. Be2 O-O 8. O-O
Nc6 9. Be3 Bd7 10. Rc1 Nxd4 11. Bxd4 Bc6 12. e5 dxe5 13. Bxe5 Qa5 14. Bf4 Rfd8
15. Qb3 Qf5 16. Bg3 Rd2 17. Rfd1 Rad8 18. h3 h5 19. Kh2 R8d7 20. Bf1 Bh6 21.
Rxd2 Rxd2 22. Rd1 Qc2 23. Rxd2 Qxd2 24. Nb1 Qe1 25. Bd3 Ne4 26. Qc2 Nxg3 27.
fxg3 Be3 0-1

[Event "Bayern-chTT (RL Sued-Ost)"]
[Site "Bayern 2008/09"]
[Date "2009.03.29"]
[Round "9.8"]
[White "Baldauf, Manuel"]
[Black "Blank, Georg"]
[Result "1-0"]
[WhiteElo "1881"]
[BlackElo "1627"]
[PlyCount "87"]
[EventDate "2009.03.??"]
[EventType "team-tourn"]
[EventRounds "9"]
[WhiteTeam "Pang/Ro.2"]
[BlackTeam "Trostberg 1"]

1. e4 e5 2. Nf3 d6 3. d4 exd4 4. Qxd4 Nf6 5. Nc3 a6 6. Bg5 Be7 7. a4 Nc6 8. Qd2
O-O 9. Be2 Be6 10. O-O Ng4 11. Bxe7 Qxe7 12. Nd4 Nge5 13. b3 Nxd4 14. Qxd4 Nc6
15. Qd2 Rfe8 16. Rae1 Qd7 17. f4 f5 18. Bf3 Kh8 19. Nd5 Bxd5 20. Qxd5 fxe4 21.
Bxe4 Rf8 22. Qh5 g6 23. Bxg6 Qg7 24. Bd3 Nb4 25. Qf3 c6 26. Qe4 Nxd3 27. Qxd3
d5 28. Qe3 Rad8 29. Qe5 Rf6 30. Qe7 Rg8 31. Qxg7+ Kxg7 32. Re7+ Rf7 33. Rfe1
Rgf8 34. g3 Rxe7 35. Rxe7+ Rf7 36. Rxf7+ Kxf7 37. a5 Kf6 38. Kf2 c5 39. g4 Ke6
40. Ke3 Kf6 41. b4 d4+ 42. Kd3 cxb4 43. Kxd4 b3 44. cxb3 1-0